000 00355nam a2200133Ia 4500
008 200103s9999||||xx |||||||||||||| ||und||
040 _aIMU-MPC
082 _aColumn-33
100 _aShoop, Charles F. and Tuve, George L.
245 0 _aMechanical Engineering Practice
260 _bMcGraw-Hill Book Company, Inc.
_c1941
300 _axii, 506
942 _cBK
999 _c7775
_d7775